Click to Translate - Vietnamese (Verbs) - Statistics

General Stats
  • This quiz has been taken 448 times
  • The average score is 20 of 26
Answer Stats
Hint Answer % Correct
eat ăn
89%
go đi
86%
drink uống
86%
want muốn
85%
have
83%
like thích
83%
know biết
82%
buy mua
81%
help giúp
80%
study học
80%
listen nghe
80%
speak / say nói
79%
read đọc
78%
ask hỏi
78%
understand hiểu
78%
do làm
78%
sleep ngủ
78%
write viết
76%
be
75%
sit ngồi
75%
live sống
75%
meet gặp
74%
watch xem
71%
come đến
69%
need cần
66%
look nhìn
60%
No matching quizzes found
Score Distribution
Percent of People with Each Score
Percentile by Number Answered
Your Score History
You have not taken this quiz